Lee Brice Charting Songs (Billboard Hot 100) - Statistics

General Stats
  • This quiz has been taken 22 times
    4 since last reset
  • The average score is 10 of 14
Answer Stats
Album Weeks On Peak Artist(s) Song % Correct
Hard 2 Love 23 Weeks #27 Lee Brice Hard to Love
100%
I Don't Dance 20 Weeks #33 Lee Brice I Don't Dance
100%
Hard 2 Love 20 Weeks #47 Lee Brice I Drive Your Truck
100%
Love Like Crazy 20 Weeks #45 Lee Brice Love Like Crazy
100%
Lee Brice 20 Weeks #25 Lee Brice Rumor
100%
Hard 2 Love 20 Weeks #33 Lee Brice A Woman Like You
75%
Carly Pearce 25 Weeks #27 Carly Pearce & Lee Brice I Hope You're Happy Now
75%
Hard 2 Love 20 Weeks #62 Lee Brice Parking Lot Party
75%
Lee Brice 1 Week #94 Lee Brice Boy
50%
I Don't Dance 22 Weeks #53 Lee Brice Drinking Class
50%
Hey World 19 Weeks #33 Lee Brice Memory I Don't Mess With
50%
Hey World 26 Weeks #17 Lee Brice One Of Them Girls
50%
Hey World 6 Weeks #83 Lee Brice Soul
50%
I Don't Dance 11 Weeks #64 Lee Brice That Don't Sound Like You
25%
No matching quizzes found
Score Distribution
Percent of People with Each Score
Percentile by Number Answered
Your Score History
You have not taken this quiz since the last reset